Turkey : The awakening of Turkey the Turkish revolution of 190s

This book introduce about the Turkish people, atrocities, earl reformers, the spread of corruption, the spread of education, the rise of the young Turks, discontent in the army, the central committee...

Saved in:
Bibliographic Details
Main Author: Knight, E. F.
Format: Book
Language:Undetermined
Published: Boston J. B. Millet Co. 1910
Subjects:
Tags: Add Tag
No Tags, Be the first to tag this record!
Institutions: Trung tâm Học liệu Trường Đại học Cần Thơ
LEADER 00788nam a2200217Ia 4500
001 CTU_231944
008 210402s9999 xx 000 0 und d
082 |a 956.1 
082 |b K69/Vol.21 
100 |a Knight, E. F. 
245 0 |a Turkey : 
245 4 |b The awakening of Turkey the Turkish revolution of 190s 
245 0 |c E. F. Knight 
260 |a Boston 
260 |b J. B. Millet Co. 
260 |c 1910 
520 |a This book introduce about the Turkish people, atrocities, earl reformers, the spread of corruption, the spread of education, the rise of the young Turks, discontent in the army, the central committee... 
650 |a Thổ Nhĩ Kỳ,Turkey 
650 |x Lịch sử,History 
910 |b dqhieu 
980 |a Trung tâm Học liệu Trường Đại học Cần Thơ